<?xml version="1.0" encoding="UTF-8"?>
<record
    xmlns:xsi="http://www.w3.org/2001/XMLSchema-instance"
    xsi:schemaLocation="http://www.loc.gov/MARC21/slim http://www.loc.gov/standards/marcxml/schema/MARC21slim.xsd"
    xmlns="http://www.loc.gov/MARC21/slim">

  <leader>03939cam a22004574i 4500</leader>
  <controlfield tag="003">PE-LiUPU</controlfield>
  <controlfield tag="005">20250731165416.0</controlfield>
  <controlfield tag="008">151202s2006    pe     grm    000 0 spa d</controlfield>
  <datafield tag="035" ind1=" " ind2=" ">
    <subfield code="a">(Sirsi) a155381</subfield>
  </datafield>
  <datafield tag="040" ind1=" " ind2=" ">
    <subfield code="a">PE-LiUPU</subfield>
    <subfield code="b">spa</subfield>
    <subfield code="c">PE-LiUPU</subfield>
    <subfield code="e">rda</subfield>
  </datafield>
  <datafield tag="099" ind1=" " ind2=" ">
    <subfield code="a">SP 3</subfield>
    <subfield code="b">P96 2006</subfield>
  </datafield>
  <datafield tag="100" ind1="1" ind2=" ">
    <subfield code="a">Pom&#xE9; C&#xE1;rdenas, Neda</subfield>
    <subfield code="e">autor</subfield>
  </datafield>
  <datafield tag="245" ind1="1" ind2=" ">
    <subfield code="a">Fortalecimiento de las competencias de las enfermeras de la red de salud San Juan de Lurigancho, en manejo de la lactancia materna, San Juan de Lurigancho Lima, 2005 /</subfield>
    <subfield code="c">Neda Pom&#xE9; C&#xE1;rdenas.</subfield>
  </datafield>
  <datafield tag="264" ind1=" " ind2="0">
    <subfield code="c">2006.</subfield>
  </datafield>
  <datafield tag="300" ind1=" " ind2=" ">
    <subfield code="a">87 hojas </subfield>
    <subfield code="c">30 cm</subfield>
  </datafield>
  <datafield tag="336" ind1=" " ind2=" ">
    <subfield code="a">text</subfield>
    <subfield code="2">rdacontent</subfield>
  </datafield>
  <datafield tag="337" ind1=" " ind2=" ">
    <subfield code="a">unmediated</subfield>
    <subfield code="2">rdamedia</subfield>
  </datafield>
  <datafield tag="338" ind1=" " ind2=" ">
    <subfield code="a">volume</subfield>
    <subfield code="2">rdacarrier</subfield>
  </datafield>
  <datafield tag="502" ind1=" " ind2=" ">
    <subfield code="a">Tesis</subfield>
    <subfield code="b">(Mg.) -- </subfield>
    <subfield code="c">Universidad Peruana Uni&#xF3;n,</subfield>
    <subfield code="d">2006.</subfield>
  </datafield>
  <datafield tag="504" ind1=" " ind2=" ">
    <subfield code="a">Incluye referencias</subfield>
  </datafield>
  <datafield tag="520" ind1="3" ind2=" ">
    <subfield code="a">Seg&#xFA;n la Organizaci&#xF3;n Mundial de la Salud (OMS) se ha tenido avances significativos en los indicadores de lactancia materna. En Per&#xFA; la prevalencia de la lactancia materna seg&#xFA;n la Encuesta Demogr&#xE1;fica y de Salud Familiar (ENDES) 2000 era de 67 por ciento, a la fecha (ENDES continua) 2004 registra 64 por ciento, salta a la vista una disminuci&#xF3;n de 3 puntos porcentuales. Sin embargo a&#xFA;n mueren y enferman ni&#xF1;os en el Per&#xFA;, debido a m&#xFA;ltiples factores, muchos de los cuales podr&#xED;an ser evitados con lactancia materna exclusiva y prolongada. Se ha comprobado que una estrategia que ha dado mucho resultado es la capacitaci&#xF3;n al personal de salud del Ministerio de Salud (MINSA). El objetivo general busca incrementar las competencias en el manejo de la lactancia materna de las enfermeras de la Red de San Juan de Lurigancho. Se realiz&#xF3; un curso te&#xF3;rico-pr&#xE1;ctico de 18 horas de capacitaci&#xF3;n en Manejo de Lactancia Materna 3 de las cuales fueron de pr&#xE1;ctica cl&#xED;nica, y de 9 horas para el curso de Consejer&#xED;a Nutricional. Se aplic&#xF3; un Pre y Postest para evaluar el incremento de conocimientos y para evaluaci&#xF3;n de competencias se aplic&#xF3; la "Gu&#xED;a de Cotejo para Evaluaci&#xF3;n de Competencias Manejo de Lactancia Materna", a cada enfermera en consulta externa. Se logr&#xF3; incrementar los conocimientos en el 100% de las enfermeras, el 60% obtuvo m&#xE1;s de 14 de 20 puntos en el Pretest, comparado al 100% que obtuvo m&#xE1;s de 15 de 20 puntos en el Postest, y que el 99,9% obtuvo m&#xE1;s de 15 de 20 puntos en aumento de sus competencias. El 100% de las enfermeras capacitadas demuestran habilidades y destrezas en t&#xE9;cnicas de amamantamiento, al realizar la consejer&#xED;a a las madres. El 98% de las enfermeras capacitadas demuestran habilidades y destrezas en t&#xE9;cnicas de extracci&#xF3;n manual y conservaci&#xF3;n de leche materna. El 13% de las enfermeras capacitadas tienen habilidades y destrezas en reconocer y sugerir las posibles soluciones de los problemas m&#xE1;s frecuentes de la madre y el ni&#xF1;o relacionados a la lactancia materna. El 83% de las enfermeras capacitadas demuestran habilidades y destrezas en consejer&#xED;a de lactancia materna. La Gu&#xED;a de Cotejo de Competencias incluy&#xF3; 5 preguntas que miden si la madre ha entendido las indicaciones, logrando entre 80% y 93% de madres capaces de explicar las indicaciones dadas durante la consejer&#xED;a sobre lactancia materna, se incluy&#xF3; una pregunta que mide si las madres se sintieron bien tratadas durante la consejer&#xED;a, el 86.7% de enfermeras lograron que las madres se sintieron bien tratadas.</subfield>
  </datafield>
  <datafield tag="526" ind1=" " ind2=" ">
    <subfield code="a">SEG44</subfield>
  </datafield>
  <datafield tag="526" ind1=" " ind2=" ">
    <subfield code="a">SEG26</subfield>
  </datafield>
  <datafield tag="526" ind1=" " ind2=" ">
    <subfield code="a">P151</subfield>
  </datafield>
  <datafield tag="526" ind1=" " ind2=" ">
    <subfield code="a">P150</subfield>
  </datafield>
  <datafield tag="526" ind1=" " ind2=" ">
    <subfield code="a">P149</subfield>
  </datafield>
  <datafield tag="526" ind1=" " ind2=" ">
    <subfield code="a">P146</subfield>
  </datafield>
  <datafield tag="526" ind1=" " ind2=" ">
    <subfield code="a">P145</subfield>
  </datafield>
  <datafield tag="526" ind1=" " ind2=" ">
    <subfield code="a">P126</subfield>
  </datafield>
  <datafield tag="526" ind1=" " ind2=" ">
    <subfield code="a">P125</subfield>
  </datafield>
  <datafield tag="526" ind1=" " ind2=" ">
    <subfield code="a">P92</subfield>
  </datafield>
  <datafield tag="526" ind1=" " ind2=" ">
    <subfield code="a">P75</subfield>
  </datafield>
  <datafield tag="526" ind1=" " ind2=" ">
    <subfield code="a">P74</subfield>
  </datafield>
  <datafield tag="526" ind1=" " ind2=" ">
    <subfield code="a">P27</subfield>
  </datafield>
  <datafield tag="526" ind1=" " ind2=" ">
    <subfield code="a">P15</subfield>
  </datafield>
  <datafield tag="650" ind1="0" ind2="4">
    <subfield code="a">Lactancia materna.</subfield>
  </datafield>
  <datafield tag="650" ind1="0" ind2="4">
    <subfield code="a">Enfermeras</subfield>
    <subfield code="x">Competencias.</subfield>
  </datafield>
  <datafield tag="596" ind1=" " ind2=" ">
    <subfield code="a">1</subfield>
  </datafield>
  <datafield tag="942" ind1=" " ind2=" ">
    <subfield code="2">ddc</subfield>
    <subfield code="c">TESIS</subfield>
  </datafield>
  <datafield tag="999" ind1=" " ind2=" ">
    <subfield code="a">SP 3 P96 2006</subfield>
    <subfield code="w">ALPHANUM</subfield>
    <subfield code="c">8065</subfield>
    <subfield code="i">T00452</subfield>
    <subfield code="l">CCODEBUL3</subfield>
    <subfield code="m">BUL</subfield>
    <subfield code="r">1</subfield>
    <subfield code="s">Y</subfield>
    <subfield code="t">TESIS</subfield>
    <subfield code="u">2015-12-2</subfield>
    <subfield code="x">POSGRADO</subfield>
    <subfield code="P">P82</subfield>
    <subfield code="o">.STAFF. Tesis</subfield>
    <subfield code="d">8065</subfield>
  </datafield>
  <datafield tag="980" ind1=" " ind2=" ">
    <subfield code="8">1</subfield>
    <subfield code="g">ALBERTO SANCHEZ Responsable de Automatizaci&#xF3;n</subfield>
  </datafield>
  <datafield tag="952" ind1=" " ind2=" ">
    <subfield code="r">2022-07-06 00:00:00</subfield>
    <subfield code="l">0</subfield>
    <subfield code="o">SP 3 P96 2006</subfield>
    <subfield code="p">T00452</subfield>
    <subfield code="t">e1</subfield>
    <subfield code="w">2015-12-02</subfield>
    <subfield code="x">PG</subfield>
    <subfield code="y">TESIS</subfield>
    <subfield code="z">Este &#xCD;tem NO se presta por ser Ejemplar #1.</subfield>
    <subfield code="1">0</subfield>
    <subfield code="2">ddc</subfield>
    <subfield code="7">1</subfield>
    <subfield code="8">TESIS</subfield>
    <subfield code="f">P82</subfield>
    <subfield code="a">BUL</subfield>
    <subfield code="b">BUL</subfield>
    <subfield code="c">TESIS</subfield>
    <subfield code="d">2015-12-02</subfield>
  </datafield>
</record>
